आक्रोश (Record no. 330046)

MARC details
000 -LEADER
fixed length control field 00494nam a2200169Ia 4500
008 - FIXED-LENGTH DATA ELEMENTS--GENERAL INFORMATION
fixed length control field 090711s9999 xx 000 0 und d
082 ## - DEWEY DECIMAL CLASSIFICATION NUMBER
Item number 79665
100 ## - MAIN ENTRY--PERSONAL NAME
Personal name गस्ती भीमराव
245 ## - TITLE STATEMENT
Title आक्रोश
260 ## - PUBLICATION, DISTRIBUTION, ETC. (IMPRINT)
Name of publisher, distributor, etc राजहंस प्रकाशन
Date of publication, distribution, etc 1993
300 ## - PHYSICAL DESCRIPTION
Extent 391
600 ## - SUBJECT ADDED ENTRY--PERSONAL NAME
Personal name गस्ती भीमराव
630 ## - SUBJECT ADDED ENTRY--UNIFORM TITLE
Uniform title आक्रोश
700 ## - ADDED ENTRY--PERSONAL NAME
Personal name गस्ती भीमराव
730 ## - ADDED ENTRY--UNIFORM TITLE
Uniform title आक्रोश
942 ## - ADDED ENTRY ELEMENTS (KOHA)
Koha item type Book
Holdings
Withdrawn status Lost status Damaged status Not for loan Home library Current library Date acquired Cost, normal purchase price Total Checkouts Full call number Barcode Date last seen Cost, replacement price Price effective from Koha item type
        Dadar Sarvajanik Vachanalaya, Dardar Dadar Sarvajanik Vachanalaya, Dardar 07/11/2009 125.00   79665 DASAVA-79665 07/11/2009 125.00 07/11/2009 Book